Culture Générale - Série 1677 - Statistiques

Statistiques générales
  • Ce quiz a été pris 103 fois
  • Le résultat moyen est 6 sur 10
Statistiques - réponses
Question Réponse % Correct
Aux Etats Unis, quel numéro porte la route mythique de 3945 km qui relie Chicago à Los Angeles ? 66
87%
Où siège la Commission européenne ? Bruxelles
81%
Quel est le prénom de la Petite Sirène dans le dessin animé de Walt Disney ? Ariel
69%
Comment écrit-on 163 en chiffres romains ? CLXIII
68%
Quel romancier a créé le personnage d'Eugène de Rastignac ? Honoré de Balzac
59%
Celui qui a la faculté de voir dans la pénombre comme un chat est un ... nyctalope
48%
Dans quel état se trouve le plus haut sommet des Etats Unis, appelé maintennt "Denali" et autrefois " mont McKinley" ? Alaska
47%
Comment s'appelle la lionne dans "Le roi lion" ? Nala
42%
Quel est le prénom de Mimie Mathy ? Michèle
36%
Un cercle imaginaire parallèle à l'Equateur est un ... parallèle
36%
Aucun quiz correspondant
Distribution des résultats
% des personnes avec chaque résultat
Percentile par nombre de réponses
Votre historique - résultats
Vous n’avez pas pris ce quiz